Teología de los derechos humanos / (Record no. 97463)

MARC details
000 -LEADER
campo de control de longitud fija 01584nam a2200325Ka 4500
001 - NÚMERO DE CONTROL
campo de control 92341
005 - FECHA Y HORA DE LA ÚLTIMA TRANSACCIÓN
campo de control 20230410143207.0
008 - DATOS DE LONGITUD FIJA--INFORMACIÓN GENERAL
campo de control de longitud fija 090522s2005 dr 001 0 spa d
035 ## - NÚMERO DE CONTROL DEL SISTEMA
Número de control de sistema (OCoLC)ocn341155010
040 ## - FUENTE DE CATALOGACIÓN
Centro catalogador/agencia de origen BNPHU
Lengua de catalogación spa
Centro/agencia transcriptor BNPHU
020 ## - NÚMERO INTERNACIONAL ESTÁNDAR DEL LIBRO
Número Internacional Estándar del Libro 9993493422
020 ## - NÚMERO INTERNACIONAL ESTÁNDAR DEL LIBRO
Número Internacional Estándar del Libro 9789993493426
041 ## - CÓDIGO DE IDIOMA
Código de lengua del texto/banda sonora o título independiente spa
050 14 - SIGNATURA TOPOGRÁFICA DE LA BIBLIOTECA DEL CONGRESO
Número de clasificación bS194t 2005
100 1# - ENTRADA PRINCIPAL--NOMBRE DE PERSONA
Nombre de persona Sánchez, Angel Salvador
245 10 - MENCIÓN DEL TÍTULO
Título Teología de los derechos humanos /
Mención de responsabilidad, etc. Angel Salvador Sánchez ; prólogo Altagracia Suriel
260 ## - PUBLICACIÓN, DISTRIBUCIÓN, ETC.
Lugar de publicación, distribución, etc. Santo Domingo :
Nombre del editor, distribuidor, etc. Visión Mundial,
Fecha de publicación, distribución, etc. 2005
300 ## - DESCRIPCIÓN FÍSICA
Extensión 171 p. ;
Dimensiones 21 cm.
500 ## - NOTA GENERAL
Nota general Incluye biografía del autor en la contracubierta
504 ## - NOTA DE BIBLIOGRAFÍA, ETC.
Nota de bibliografía, etc. Bibliografía: p. 171
505 0# - NOTA DE CONTENIDO CON FORMATO
Nota de contenido con formato Agradecimientos -- Introducción -- Objetivos -- Prólogo -- El Dios de los derechos y la justicia -- Los derechos naturales origen y funcionamiento -- Derechos humanos y evolución histórica -- Jesús, el justo defensor de los derechos humanos -- El espíritu Santo por el ser humano -- El ser humano, Åquién y que es? -- Declaración universal y fundamento cristiano de los derechos humanos -- Los derechos individuales y sociales -- Los derechos del ser humano policía y militar -- La iglesia y profetas de Dios: pioneros en promoción de justicia digna -- Guía y perfil del defensor de los derechos humanos -- Bibliografía.
650 #4 - PUNTO DE ACCESO ADICIONAL DE MATERIA--TÉRMINO DE MATERIA
Término de materia o nombre geográfico como elemento de entrada Teología y Filosofía
650 #4 - PUNTO DE ACCESO ADICIONAL DE MATERIA--TÉRMINO DE MATERIA
Término de materia o nombre geográfico como elemento de entrada Derechos Humanos
650 #4 - PUNTO DE ACCESO ADICIONAL DE MATERIA--TÉRMINO DE MATERIA
Término de materia o nombre geográfico como elemento de entrada Derecho y Evangelio
650 #4 - PUNTO DE ACCESO ADICIONAL DE MATERIA--TÉRMINO DE MATERIA
Término de materia o nombre geográfico como elemento de entrada Derecho (Teología)
700 1# - ENTRADA AGREGADA--NOMBRE PERSONAL
Nombre de persona Suriel, Altagracia,
Término indicativo de función/relación pról.
942 ## - ELEMENTOS DE ENTRADA SECUNDARIOS (KOHA)
Fuente del sistema de clasificación o colocación Clasificación de Library of Congress
Tipo de ítem Koha
946 ## - PROCESAMIENTO DE INFORMACIÓN LOCAL (OCLC)
a amiranda
994 ## -
-- C0
-- DRFGD
Holdings
Estatus retirado Estado de pérdida Fuente del sistema de clasificación o colocación Estado de daño No para préstamo Colección Biblioteca de origen Biblioteca actual Ubicación en estantería Fecha de adquisición Signatura topográfica completa Código de barras Visto por última vez Copia número Tipo de ítem Koha
    Clasificación de Library of Congress     Automatización y Procesos Técnicos Biblioteca Juan Bosch Biblioteca Juan Bosch Automatización y Procesos Técnicos (1er. Piso) 10/04/2023 S194t 2005 00000073883 21/01/2019 1